Interaktív táblák összehasonlítása egy fizika óra példáján

Elmentve itt :
Bibliográfiai részletek
Szerző: Végi András
További közreműködők: Füvesi István (Témavezető)
Dokumentumtípus: Szakdolgozat
Megjelent: 2010
Tárgyszavak:
Online Access:http://diploma.bibl.u-szeged.hu/3521
LEADER 00799nta a2200181 i 4500
001 dipl3521
005 20160520160944.0
008 110111s2010 hu om 0|| hun d
040 |a SZTE Diploma Repozitórium  |b hun 
041 |a hun 
100 1 |a Végi András 
245 1 0 |a Interaktív táblák összehasonlítása egy fizika óra példáján  |h [elektronikus dokumentum] /  |c András Végi 
260 |c 2010 
650 4 |a Informatika 
700 1 |a Füvesi István  |e ths 
856 4 0 |u http://diploma.bibl.u-szeged.hu/id/eprint/3521/1/2010_vegh_andras_p_09_54.pdf  |z Dokumentum-elérés  
856 4 0 |u http://diploma.bibl.u-szeged.hu/id/eprint/3521/2/Csillagfejl%C5%91d%C3%A9s.tgz  |z Dokumentum-elérés  
856 4 0 |u http://diploma.bibl.u-szeged.hu/id/eprint/3521/3/2010_vegh_andras_p_09_54_biralat.pdf  |z Dokumentum-elérés